Регионална библиотека "Любен Каравелов" - Русе

Весели Коледни приказки (Запис номер 105410)

MARC детайли
000 -Лидер
Контролно поле с фиксирана дължина 01310nam a2200301 c 4500
003 - Код на организацията, давaща контролен номер
Контролно поле BLK
005 - Дата и час на последна редакция
Контролно поле 20231220005225.0
008 - Елементи от данни с фиксирана дължина
fixed length control field 180409b bul|||||r ||||||| ||bul||
010 ## - Наследен системен номер
LC control number KNG00110633000
020 ## - Международен стандартен номер на книга ISBN
Международен стандартен номер на книга ISBN 954-8560-72-0
-- издат.: Парнас
040 ## - Източник на каталожния запис
Идентификатор на билиотеката - собственик на записа BLK
041 ## - Код за език
Код за езика на текст/звукозапис или на отделно заглавие Български
Код за езика КДБФ Български
080 ## - УДК
Текстов определител УДК Българска литература
УДК код - определител по УДК 821.163.2
УДК определител -93-34
УДК - код + определител 821.163.2-93-34
100 1# - Редна дума - Автор
Автор Димитров, Атанас
Авторска отговорност първи автор
R(LIN) 253817
139 ## - Редно поле
Редна дума Димитров, Атанас
Авторски знак Дими - Д 58
245 10 - Сведения за заглавието
Заглавие Весели Коледни приказки
Подзаглавни данни Цветята на Баба Зима ; Гарджокът Джоко и ботушките ; Приключения в снежната гора ( В търсене на златното съкровище)
Редно поле (дума) Атанас Димитров; худож. Огнян Балканджиев.
257 ## - Страна на издаване
Страна на създаване/издаване България
260 ## - Област на издателските данни
-- Русе
Име на издателя, разпространителя и проч. Парнас
Година на издаване 2003
Печатница Русе : Авангар принт
300 ## - Физическа характеристика
Страници 32 с.
Илюстрации и др. с цв. ил.
Размери/Мащаб 24 см
380 ## - Жанр
Жанр Детска худож. лит.
700 ## - Други автори (авторска отговорност)
Лично име Балканджиев, Огнян Георгиев
9 (RLIN) 364857
852 ## - Местоположение
Форматна сигнатура Цб 217737
856 4# - Електронен адрес и достъп
Електронен формат pdf - файл
Път до файла /url/
856 4# - Електронен адрес и достъп
Електронен формат pdf - файл
Път до файла /url/
942 ## - АРТИКУЛИ
Вид на библиотечния материал Книги
Скрит в OPAC Не
Koha issues (borrowed), all copies 9
944 ## - СЪЗДАВАНЕ И РЕДАКЦИЯ на ЗАПИСА
Създаване/Редакция Създаване
Дата на регистрацията/редакция 29.01.2004
Служител, извършил регистрацията/редакцията
Статус, дата на статуса CRON CRON
944 ## - СЪЗДАВАНЕ И РЕДАКЦИЯ на ЗАПИСА
Създаване/Редакция Редакция
Дата на регистрацията/редакция 21.02.2007
Служител, извършил регистрацията/редакцията
999 ## - СИСТЕМНИ КОНТРОЛНИ НОМЕРА
Koha biblionumber 105410
Koha biblioitemnumber 105410
Наличности
Код за отписване Код за изгубен артикул Код за повреда Коз за рестрикции Код за отдаване Артикулен № Име на библиотеката - собственик Име на библиотеката, в която се намира в момента Статус (Текущо местоположение) Дата на вписване в системата Местоположение - отдел Цена в лева Инвентарен номер Систематично азбучна сигнатура Баркод Номер на екземпляра Цена в евро Служебна бележка Служебен тип на артикула
  Не е изгубен Не е повреден без рестрикции заемане за дома 170225 Регионална библиотека "Любен Каравелов" Русе Регионална библиотека "Любен Каравелов" Русе Детски отдел 2004-01-29 Детски отдел 2.50 120000682161 Д 886.7/Д 58 120000682161 1 1.28 Дост: DA Вид: А N: 2 Дата: 28.01.2004 Дата инв: 23.09.2015 Бележки инв: Д2015 Книги
  Не е изгубен Не е повреден без рестрикции заемане за дома 170226 Регионална библиотека "Любен Каравелов" Русе Регионална библиотека "Любен Каравелов" Русе Детски отдел 2004-01-29 Детски отдел 2.50 120000682162 Д 886.7/Д 58 120000682162 2 1.28 Дост: DA Вид: А N: 2 Дата: 28.01.2004 Дата инв: 23.09.2015 Бележки инв: Д2015 Книги
  Не е изгубен Не е повреден без рестрикции заемане за дома 170227 Регионална библиотека "Любен Каравелов" Русе Регионална библиотека "Любен Каравелов" Русе Детски отдел 2004-01-29 Детски отдел 2.50 120000682163 Д 886.7/Д 58 120000682163 3 1.28 Дост: DA Вид: А N: 2 Дата: 28.01.2004 Дата инв: 23.09.2015 Бележки инв: Д2015 Книги
  Не е изгубен Не е повреден без рестрикции ползва се в читалня 170228 Регионална библиотека "Любен Каравелов" Русе Регионална библиотека "Любен Каравелов" Русе Хранилище 2007-02-20 Хранилище 2.50 120000709906 Цб 217737 120000709906 4 1.28 Дост: Dp Вид: Д N: 16 Дата: 29.03.2006 Книги
Vip Innovations Ltd, Rousse, Bulgaria 2025